Histoire de l'art pendant la Renaissance / (Record no. 160399)

MARC details
000 -LEADER
campo de control de longitud fija 01009nam a22001935i 4500
001 - NÚMERO DE CONTROL
campo de control 160399
003 - IDENTIFICADOR DE NÚMERO DE CONTROL
campo de control ES-MaACL
005 - FECHA Y HORA DE LA ÚLTIMA TRANSACCIÓN
campo de control 20251014063232.0
008 - DATOS DE LONGITUD FIJA--INFORMACIÓN GENERAL
campo de control de longitud fija 010201m18891895fr af |||| | fre d
040 ## - FUENTE DE CATALOGACIÓN
Centro catalogador/agencia de origen CAM
Lengua de catalogación spa
Centro/agencia transcriptor CAM
100 1# - ENTRADA PRINCIPAL--NOMBRE DE PERSONA
Nombre de persona Müntz, Eugène,
Fechas asociadas al nombre 1845-1902
9 (RLIN) 130373
245 10 - MENCIÓN DEL TÍTULO
Título Histoire de l'art pendant la Renaissance /
Mención de responsabilidad, etc. par Eugène Müntz.
260 ## - PUBLICACIÓN, DISTRIBUCIÓN, ETC.
Lugar de publicación, distribución, etc. Paris :
Nombre del editor, distribuidor, etc. Librairie Hachette et C.,
Fecha de publicación, distribución, etc. 1889-1895 (
Fabricante Imprimerie Lahure)
300 ## - DESCRIPCIÓN FÍSICA
Extensión 3 v. :
Otras características físicas il., lám. ;
Dimensiones 30 cm.
505 8# - NOTA DE CONTENIDO CON FORMATO
Nota de contenido con formato T.I. Italie : les primitifs (744 p., [32 ] h. de lám.) -- T. II. Italie : L'Age d'or (864 p., [37] h. de lám.) -- T. III. La fin de la Renaissance, Michel-Ange, Le Corrège, les Vènitiens (757 p., [30] h. de lám.)
650 04 - PUNTO DE ACCESO ADICIONAL DE MATERIA--TÉRMINO DE MATERIA
Término de materia o nombre geográfico como elemento de entrada Arte renacentista-
Subdivisión geográfica Italia
9 (RLIN) 10293
852 ## - LOCALIZACIÓN
Ubicación ES-MaACL
Número de control de estantería B-3832-3834
Nota libre -- Enc. pasta española, conservando las cubs. originales
Encuadernación -- Edic.: T. I. (744 p., [33] h. lám.) -- T. II. (864 p., [37] h. lám.) -- T. III. (757 p., [30] h. lám.)
Holdings
Estatus retirado Estado de pérdida Estado de daño No para préstamo Colección Biblioteca de origen Biblioteca actual Ubicación en estantería Fecha de adquisición Fuente de adquisición Total de préstamos Signatura topográfica completa Código de barras Visto por última vez Precio de reemplazo Tipo de ítem Koha
        Libros del s. XIX Biblioteca del Ateneo de Madrid Biblioteca del Ateneo de Madrid Sala Pardo Bazán 17/01/2008     B-3832-3834 1167949 23/02/2023 23/02/2023 Libro impreso antiguo